Pays d'Afrique à l'aveugle - Statistiques

Statistiques générales
  • Ce quiz a été pris 152 fois
  • Le résultat moyen est 49 sur 54
Statistiques - réponses
Réponse % Correct
Algérie
99%
Maroc
97%
Tunisie
97%
Egypte
95%
Madagascar
94%
Zambie
94%
Afrique du Sud
93%
Guinée
93%
Lesotho
93%
Libye
93%
Soudan
93%
Togo
93%
Angola
92%
Bénin
92%
Cameroun
92%
Guinée Equatoriale
92%
Mali
92%
Djibouti
91%
Erythrée
91%
Gambie
91%
Ghana
91%
Liberia
91%
Niger
91%
République Démocratique du Congo
91%
République du Congo
91%
Rwanda
91%
Sénégal
91%
Soudan du Sud
91%
Tchad
91%
Zimbabwe
91%
Cap-Vert
90%
Ethiopie
90%
Guinée-Bissau
90%
Nigeria
90%
Burkina Faso
89%
Gabon
89%
Mauritanie
89%
République Centrafricaine
89%
Côte d'Ivoire
88%
Eswatini
88%
Kenya
88%
Mozambique
88%
Ouganda
88%
Somalie
88%
Burundi
87%
Comores
87%
Sierra Leone
87%
Tanzanie
87%
Maurice
86%
Botswana
85%
Malawi
84%
Namibie
84%
Sao Tomé-et-Principe
84%
Seychelles
82%
Aucun quiz correspondant
Distribution des résultats
% des personnes avec chaque résultat
Percentile par nombre de réponses
Votre historique - résultats
Vous n’avez pas pris ce quiz